00329nam a2200133Ia 4500008004100000041000800041082001900049100001600068245003200084260004800116300001100164365000700175650001300182210719s1977 xx 000 0 und d aeng a294.5925K SIPP aSI PI E PAI aPuranagalu: ondu adhyayana. aDharavadabKarnataka Vishva Vidyalayac1977 a29bPB cRs aHinduism